[Event "26.Schlosspark-Open"]
[Site "Wiesbaden-Biebrich"]
[Date "2014.08.30"]
[Round "4.24"]
[White "Busche, Stefan"]
[Black "Fröhlich-Dill, Astrid"]
[Result "1-0"]
[WhiteElo "2108"]
[BlackElo "1894"]
[PlyCount "52"]
[EventDate "2014.??.??"]
[WhiteTeam "SVG Saarbrücken 1970 e.V."]
[BlackTeam "SV 1920 Hofheim"]

1. e4 c5 2. c3 d5 3. exd5 Qxd5 4. d4 Nc6 5. Nf3 cxd4 6. cxd4 e6 7. Nc3 Bb4 8.
Bd3 Nf6 9. O-O Bxc3 10. bxc3 O-O 11. Re1 Qh5 12. Rb1 a6 13. Bg5 Nd5 14. Qd2 h6
15. Bf4 Nxf4 16. Qxf4 f5 17. Bc4 Rf6 18. Qd6 Kh7 19. Ne5 Nxe5 20. Qxe5 b5 21.
Be2 Qf7 22. Bf3 Ra7 23. d5 exd5 24. Bxd5 Qc7 25. Qe8 Qd6 26. Bg8+ Kh8 1-0

[Event "26.Schlosspark-Open"]
[Site "Wiesbaden-Biebrich"]
[Date "2014.08.30"]
[Round "4.25"]
[White "Krüger, Stefan"]
[Black "Werner, Dimo"]
[Result "1/2-1/2"]
[WhiteElo "1912"]
[BlackElo "2097"]
[PlyCount "46"]
[EventDate "2014.??.??"]
[WhiteTeam "SF Leherheide"]
[BlackTeam "TSV Schott Mainz"]

1. d4 d5 2. c4 c6 3. Nf3 Nf6 4. Nc3 e6 5. e3 Nbd7 6. Bd3 dxc4 7. Bxc4 b5 8. Bb3
Bb7 9. a3 Bd6 10. e4 e5 11. O-O a6 12. Nh4 O-O 13. Nf5 Bc7 14. Bg5 exd4 15.
Nxd4 Ne5 16. Bc2 Bb6 17. Nf5 Qxd1 18. Raxd1 Rad8 19. Be3 Bxe3 20. Nxe3 Nfg4 21.
Nxg4 Nxg4 22. Rxd8 Rxd8 23. Rd1 Rxd1+ 1/2-1/2

[Event "26.Schlosspark-Open"]
[Site "Wiesbaden-Biebrich"]
[Date "2014.08.30"]
[Round "4.26"]
[White "Eg, Karlheinz"]
[Black "Leidorf, Sebastian"]
[Result "1/2-1/2"]
[WhiteElo "1896"]
[BlackElo "2052"]
[PlyCount "41"]
[EventDate "2014.??.??"]
[WhiteTeam "SV Rüsselsheim 1929"]
[BlackTeam "SV Bergwinkel"]

1. e4 c6 2. d4 d5 3. exd5 cxd5 4. c4 Nf6 5. Nc3 g6 6. Nf3 Bg7 7. cxd5 O-O 8.
Bc4 Nbd7 9. d6 exd6 10. O-O Nb6 11. Bb3 Re8 12. Bg5 d5 13. Rc1 a6 14. Ne5 h6
15. Bh4 Be6 16. h3 Qd6 17. Bg3 Qf8 18. Re1 Rad8 19. Qf3 Qb4 20. Nd3 Qxd4 21.
Be5 1/2-1/2

[Event "26.Schlosspark-Open"]
[Site "Wiesbaden-Biebrich"]
[Date "2014.08.30"]
[Round "4.27"]
[White "Lanz, Udo"]
[Black "Kregelin, Jan"]
[Result "0-1"]
[WhiteElo "1884"]
[BlackElo "2073"]
[PlyCount "98"]
[EventDate "2014.??.??"]
[WhiteTeam "VSG 1880 Offenbach"]
[BlackTeam "FVS ASP Hoyerswerda"]

1. c4 e5 2. Nc3 Nf6 3. g3 g6 4. Bg2 Bg7 5. b4 O-O 6. Bb2 d6 7. d3 c6 8. Nf3 Qc7
9. O-O Nh5 10. b5 f5 11. bxc6 bxc6 12. Rc1 Bb7 13. Ba3 Nd7 14. Nd2 Rae8 15. e3
Kh8 16. f4 exf4 17. exf4 Re3 18. Nf3 Rfe8 19. Qd2 Ndf6 20. Ne5 dxe5 21. Qxe3
exf4 22. Qf3 Re3 23. Qd1 fxg3 24. h3 Nf4 25. Bc5 Rxd3 26. Qe1 Nxg2 27. Kxg2
Rxc3 28. Rxc3 Ne4 29. Rb3 Be5 30. Qe3 Ba6 31. Bd4 c5 32. Bxe5+ Qxe5 33. Qd3 Kg7
34. Rd1 Qf4 35. Qe3 Qf2+ 36. Qxf2 gxf2 37. Rb2 Bxc4 38. a3 Kf6 39. Rxf2 Nxf2
40. Kxf2 Ke6 41. h4 Bd5 42. Ke3 Ke5 43. Rf1 h6 44. Rg1 Be4 45. Kd2 f4 46. Kc3
f3 47. Kc4 Kf4 48. Kxc5 f2 49. Kd4 fxg1=B+ 0-1

[Event "26.Schlosspark-Open"]
[Site "Wiesbaden-Biebrich"]
[Date "2014.08.30"]
[Round "4.28"]
[White "Steimbach, Isabel"]
[Black "Fucik, Timo"]
[Result "1-0"]
[WhiteElo "1834"]
[BlackElo "2057"]
[PlyCount "63"]
[EventDate "2014.??.??"]
[WhiteTeam "OSG Baden-Baden"]
[BlackTeam "SK 1926 Ettlingen"]

1. e4 c5 2. Nf3 d6 3. d4 Nf6 4. Nc3 cxd4 5. Nxd4 a6 6. Bc4 e6 7. Bb3 b5 8. O-O
Nbd7 9. Re1 Nc5 10. Bd5 Nxd5 11. exd5 b4 12. dxe6 Bxe6 13. Nd5 Rc8 14. Nxb4 Be7
15. Nbc6 Qc7 16. b4 Nb7 17. Nxe7 Qxe7 18. Bb2 Kd7 19. Qf3 d5 20. Nf5 Qg5 21.
Nxg7 Rhf8 22. Re5 Qg6 23. Rae1 Nd6 24. Nxe6 fxe6 25. Qh3 Rce8 26. Bd4 Rf5 27.
Qa3 Nc4 28. Qa4+ Kd8 29. Rxf5 Qxf5 30. Qxa6 Ke7 31. Qb7+ Kf8 32. Qg7# 1-0

[Event "26.Schlosspark-Open"]
[Site "Wiesbaden-Biebrich"]
[Date "2014.08.30"]
[Round "4.29"]
[White "Berberich, Christoph"]
[Black "Petreski, Gligur"]
[Result "1-0"]
[WhiteElo "2056"]
[BlackElo "1890"]
[PlyCount "91"]
[EventDate "2014.??.??"]
[WhiteTeam "SK Freiburg Zähringen 1887 e.V."]
[BlackTeam "SV Mainz-Mombach"]

1. d4 d5 2. Nf3 Nf6 3. c4 e6 4. Nc3 Be7 5. Bg5 a6 6. e3 Nbd7 7. Rc1 h6 8. Bh4
O-O 9. Bd3 Re8 10. O-O c6 11. a3 Nh5 12. Bxe7 Qxe7 13. Re1 Nhf6 14. Ne5 Nf8 15.
Qe2 Rd8 16. c5 N6d7 17. f4 f6 18. Nxd7 Bxd7 19. e4 Qf7 20. f5 exf5 21. exd5
cxd5 22. Nxd5 Re8 23. Qf1 Kh8 24. Nb6 Rxe1 25. Rxe1 Re8 26. Bc4 Qh5 27. Rxe8
Qxe8 28. Qe2 Qd8 29. d5 Ng6 30. h3 Ne5 31. Qc2 f4 32. Qe4 Qc7 33. b4 g5 34. d6
Qd8 35. Bd5 Bc6 36. Bxc6 bxc6 37. Nc4 Nxc4 38. Qxc4 Qe8 39. Qd3 Kg7 40. d7 Qd8
41. Qd6 h5 42. Qe6 Kf8 43. Qxc6 Kf7 44. Qd5+ Ke7 45. Qd6+ Kf7 46. Kh2 1-0

[Event "26.Schlosspark-Open"]
[Site "Wiesbaden-Biebrich"]
[Date "2014.08.30"]
[Round "4.30"]
[White "Kempfer, Justus"]
[Black "Feicht, Arno"]
[Result "0-1"]
[WhiteElo "1781"]
[BlackElo "2053"]
[PlyCount "70"]
[EventDate "2014.??.??"]
[WhiteTeam "SJ Herborn 1998"]
[BlackTeam "SC Butzbach 2000"]

1. e4 c5 2. c3 Nf6 3. e5 Nd5 4. d4 cxd4 5. Nf3 Nc6 6. Bc4 Nb6 7. Bb3 d6 8. exd6
Qxd6 9. O-O Be6 10. Ng5 Bxb3 11. Qxb3 Qd5 12. Qxd5 Nxd5 13. Rd1 g6 14. Nf3 Bg7
15. cxd4 O-O 16. Be3 Rfd8 17. Na3 Rd7 18. Nc2 Rad8 19. Rd2 Kf8 20. a3 a5 21.
Rad1 b5 22. Rd3 Rc8 23. R1d2 Rdc7 24. Nfe1 a4 25. Bg5 Na5 26. Ne3 e6 27. Nxd5
exd5 28. Re2 Nb3 29. Nf3 Rc2 30. Rxc2 Rxc2 31. Rc3 Rxc3 32. bxc3 Ke8 33. Ne5 f6
34. Nc6 fxg5 35. Na7 b4 0-1

[Event "26.Schlosspark-Open"]
[Site "Wiesbaden-Biebrich"]
[Date "2014.08.30"]
[Round "4.31"]
[White "Everett, Elijah"]
[Black "Zimpfer, Andreas"]
[Result "1-0"]
[WhiteElo "2049"]
[BlackElo "1879"]
[PlyCount "39"]
[EventDate "2014.??.??"]
[WhiteTeam "SF Schöneck"]
[BlackTeam "SC Butzbach 2000"]

1. e4 c5 2. Nf3 d6 3. d4 cxd4 4. Nxd4 Nf6 5. Nc3 a6 6. Bc4 e6 7. Bb3 Nc6 8. O-O
Be7 9. f4 O-O 10. Be3 Re8 11. f5 exf5 12. Nxf5 Bf8 13. Qf3 Ne5 14. Nh6+ Kh8 15.
Nxf7+ Nxf7 16. Bxf7 Re7 17. Bb3 Bg4 18. Qf4 Qd7 19. Bd4 Ng8 20. Nd5 1-0

[Event "26.Schlosspark-Open"]
[Site "Wiesbaden-Biebrich"]
[Date "2014.08.30"]
[Round "4.32"]
[White "Schneider, Lutz"]
[Black "Hain, Gunter"]
[Result "0-1"]
[WhiteElo "1748"]
[BlackElo "2047"]
[PlyCount "64"]
[EventDate "2014.??.??"]
[WhiteTeam "Vorw.Orient Mainz"]
[BlackTeam "SK Frankenthal"]

1. e4 d5 2. exd5 Nf6 3. d6 cxd6 4. d4 d5 5. Bd3 Nc6 6. c3 Bg4 7. f3 Bh5 8. Nh3
e6 9. Bg5 Bg6 10. Nf4 Bxd3 11. Nxd3 Be7 12. O-O O-O 13. Qe2 Rc8 14. Nd2 Re8 15.
Rac1 Nd7 16. Bf4 b5 17. b3 b4 18. Qf2 bxc3 19. Rxc3 Bf6 20. Be3 Ne7 21. Rfc1
Rxc3 22. Rxc3 Qa5 23. Rc2 Rc8 24. Nc5 Nxc5 25. dxc5 Nc6 26. Nf1 d4 27. Bd2 Qa6
28. Bc1 Nb4 29. Rc4 Nd3 30. Qc2 Nxc1 31. Qxc1 Qxa2 32. Nd2 Bg5 0-1

[Event "26.Schlosspark-Open"]
[Site "Wiesbaden-Biebrich"]
[Date "2014.08.30"]
[Round "4.33"]
[White "Lorenz, Hermann"]
[Black "Osswald, Luis Monty"]
[Result "0-1"]
[WhiteElo "1698"]
[BlackElo "2017"]
[PlyCount "68"]
[EventDate "2014.??.??"]
[WhiteTeam "Sfr.Mainz 1928"]
[BlackTeam "Kasseler SK 1876"]

1. c4 Nf6 2. g3 c5 3. Bg2 g6 4. Nc3 Bg7 5. Nf3 O-O 6. O-O d5 7. cxd5 Nxd5 8.
Qb3 Nc7 9. d3 Nc6 10. Bg5 Ne6 11. Be3 Ned4 12. Bxd4 cxd4 13. Ne4 Rb8 14. Rfc1
Be6 15. Qd1 Bd5 16. Nfd2 b6 17. a3 h6 18. Nf3 Qd7 19. b4 e5 20. b5 Ne7 21. a4
Bb7 22. Ned2 Nd5 23. Nc4 Rbe8 24. Qd2 Re7 25. Ra3 Rd8 26. Rc2 f5 27. Nh4 Kh7
28. Bh3 Qe8 29. f4 exf4 30. gxf4 Nc3 31. Ne5 Bxe5 32. fxe5 Rxe5 33. Qf4 Nxe2+
34. Rxe2 Rxe2 0-1

[Event "26.Schlosspark-Open"]
[Site "Wiesbaden-Biebrich"]
[Date "2014.08.30"]
[Round "4.34"]
[White "Stuhlmann, Florian"]
[Black "Machlin, Maxim"]
[Result "1/2-1/2"]
[WhiteElo "1654"]
[BlackElo "2009"]
[PlyCount "126"]
[EventDate "2014.??.??"]
[WhiteTeam "SC Königsflügel Lindenholzhausen"]
[BlackTeam "Biebertaler SF"]

1. d4 d5 2. c4 e6 3. Nc3 c6 4. e4 dxe4 5. Nxe4 Bb4+ 6. Nc3 c5 7. a3 Ba5 8. Nf3
Nf6 9. Qd3 O-O 10. Bg5 h6 11. Bh4 cxd4 12. Nxd4 e5 13. Ndb5 Qxd3 14. Bxd3 a6
15. Nd6 Rd8 16. c5 Bxc3+ 17. bxc3 Nbd7 18. Bc4 Rf8 19. Rd1 Nxc5 20. Nxf7 b5 21.
Ba2 Be6 22. Bxe6 Nxe6 23. Bxf6 gxf6 24. Nxh6+ Kh7 25. Ng4 Rac8 26. Kd2 Nf4 27.
Kc2 Rc6 28. Kb2 Rfc8 29. Rd2 Kg6 30. g3 Ne6 31. Rd3 Nc5 32. Rf3 Na4+ 33. Kb3
Rxc3+ 34. Rxc3 Rxc3+ 35. Ka2 Rc2+ 36. Kb1 Rb2+ 37. Ka1 Kf5 38. Ne3+ Ke4 39. Nd1
Rd2 40. Re1+ Kd4 41. h4 Kd5 42. Rh1 Ke6 43. Rg1 a5 44. Rh1 Rd3 45. h5 Rxa3+ 46.
Kb1 Rd3 47. h6 Rd8 48. h7 Rh8 49. Ne3 Nc3+ 50. Kc2 Nd5 51. Ng4 f5 52. Rh6+ Kf7
53. Nxe5+ Kg7 54. Rd6 Nb4+ 55. Kb3 Kxh7 56. Rd7+ Kg8 57. Rb7 Rh2 58. Rxb5 Rxf2
59. Rxa5 Nc2 60. Nd3 Rg2 61. Kc3 Ne3 62. Ra8+ Kg7 63. Nf4 Nd5+ 1/2-1/2

[Event "26.Schlosspark-Open"]
[Site "Wiesbaden-Biebrich"]
[Date "2014.08.30"]
[Round "4.35"]
[White "Hupprich, Thorsten"]
[Black "Hoffmann, Jens"]
[Result "1/2-1/2"]
[WhiteElo "2000"]
[BlackElo "1843"]
[PlyCount "106"]
[EventDate "2014.??.??"]
[WhiteTeam "SK Lauterecken 1963"]
[BlackTeam "SF HN-Biberach 1978 e.V."]

1. c4 Nf6 2. g3 g6 3. Bg2 Bg7 4. Nc3 c6 5. e4 d6 6. Nge2 O-O 7. O-O Nbd7 8. d3
e5 9. h3 a6 10. a4 Nc5 11. b4 Ne6 12. Be3 Bd7 13. a5 c5 14. bxc5 dxc5 15. Nd5
Nxd5 16. cxd5 Nd4 17. Bxd4 cxd4 18. Qb3 Bb5 19. f4 Rc8 20. fxe5 Bxe5 21. Rf3
Qg5 22. Ra2 Rc5 23. Rc2 Qe7 24. Rf1 Rfc8 25. Rxc5 Rxc5 26. d6 Bxd6 27. Nxd4
Bxg3 28. Nf3 Bc6 29. Ra1 Rb5 30. Qc3 Qc5+ 31. Qxc5 Rxc5 32. d4 Rb5 33. d5 Bd7
34. Nd2 Bc7 35. Nc4 Rc5 36. Bf1 Bxh3 37. Bxh3 Rxc4 38. Bg2 Rc5 39. Rb1 Rb5 40.
Rc1 Bxa5 41. Rc8+ Kg7 42. d6 Rb1+ 43. Kf2 Rd1 44. e5 b5 45. Bb7 b4 46. Bxa6 Rd5
47. Re8 Rd2+ 48. Ke3 b3 49. Bc4 b2 50. Rb8 Bc3 51. Rb7 Rd1 52. e6 Rxd6 53. e7
Rd7 1/2-1/2

[Event "26.Schlosspark-Open"]
[Site "Wiesbaden-Biebrich"]
[Date "2014.08.30"]
[Round "4.36"]
[White "Costea, Valerius"]
[Black "Rüll, Michael"]
[Result "1-0"]
[WhiteElo "1988"]
[BlackElo "1797"]
[PlyCount "114"]
[EventDate "2014.??.??"]
[WhiteTeam "SK Frankenthal"]
[BlackTeam "SC 1952 Obertshausen"]

1. e4 c5 2. Nc3 Nc6 3. f4 g6 4. Nf3 Bg7 5. Be2 d6 6. O-O Nf6 7. Qe1 O-O 8. a4
e5 9. fxe5 dxe5 10. d3 Nd4 11. Bd1 Bg4 12. Nxd4 exd4 13. Ne2 Nd7 14. Nf4 Be6
15. b3 a5 16. Bf3 Ne5 17. Bd2 b6 18. Qe2 Qd7 19. Rae1 Rae8 20. Qf2 Qd8 21. g3
Nc6 22. g4 Nb4 23. Bd1 Bc8 24. Bxb4 axb4 25. Nd5 Bb7 26. Nf6+ Bxf6 27. Qxf6
Qxf6 28. Rxf6 Re6 29. Ref1 Kg7 30. g5 Bc8 31. Kg2 Re5 32. h4 Be6 33. Kg3 Re8
34. Bg4 Re7 35. Bxe6 R5xe6 36. Kg4 Kf8 37. h5 Rxf6 38. gxf6 Re5 39. hxg6 hxg6
40. Rh1 Kg8 41. Kf4 Re6 42. e5 Re8 43. Ke4 Rd8 44. a5 bxa5 45. Ra1 Ra8 46. Kd5
g5 47. Rg1 a4 48. bxa4 Rxa4 49. Rxg5+ Kf8 50. Kxc5 Ra2 51. Kxb4 Rxc2 52. Rg4
Re2 53. Re4 Rxe4 54. dxe4 Ke8 55. Kc4 d3 56. Kxd3 Kd7 57. Kc4 Kc6 1-0

[Event "26.Schlosspark-Open"]
[Site "Wiesbaden-Biebrich"]
[Date "2014.08.30"]
[Round "4.37"]
[White "Schnicke, Robert"]
[Black "Lukas, Sebastian"]
[Result "1/2-1/2"]
[WhiteElo "2164"]
[BlackElo "1893"]
[PlyCount "69"]
[EventDate "2014.??.??"]
[WhiteTeam "TV Winnweiler"]
[BlackTeam "SC 1979 Hattersheim"]

1. d4 d5 2. Nf3 Nf6 3. g3 e6 4. Bg2 c5 5. c4 dxc4 6. Qa4+ Nc6 7. Ne5 Bd7 8.
Nxd7 Qxd7 9. dxc5 Bxc5 10. Bxc6 Qxc6 11. Qxc6+ bxc6 12. O-O O-O 13. Nd2 c3 14.
bxc3 Be7 15. c4 Rfd8 16. Rb1 Rab8 17. Rxb8 Rxb8 18. Kg2 Rb6 19. Nf3 Ra6 20. Bf4
Rxa2 21. Rb1 h6 22. Rb8+ Kh7 23. Rb7 Bc5 24. Ng1 a5 25. Rxf7 a4 26. Rc7 Bd4 27.
Nf3 Bc3 28. Be5 Bxe5 29. Nxe5 Rxe2 30. Nxc6 a3 31. Ra7 Rc2 32. Rxa3 Rxc4 33.
Nd8 e5 34. Re3 e4 35. Re2 1/2-1/2

[Event "26.Schlosspark-Open"]
[Site "Wiesbaden-Biebrich"]
[Date "2014.08.30"]
[Round "4.38"]
[White "Serbu, Eli"]
[Black "Weiland, Thomas"]
[Result "0-1"]
[WhiteElo "2150"]
[BlackElo "1889"]
[PlyCount "62"]
[EventDate "2014.??.??"]
[WhiteTeam "Wiesbadener SV 1885"]
[BlackTeam "SV Oberursel"]

1. e4 d5 2. exd5 Nf6 3. d4 Nxd5 4. c4 Nb6 5. Nf3 Bg4 6. c5 Bxf3 7. Qxf3 Nd5 8.
Bc4 c6 9. Nc3 e6 10. O-O Be7 11. Nxd5 exd5 12. Bd3 O-O 13. Bf4 Nd7 14. b4 Re8
15. b5 Bf6 16. bxc6 bxc6 17. Be3 Nf8 18. Rab1 Ne6 19. Rb7 Re7 20. Rfb1 Nxd4 21.
Bxd4 Bxd4 22. Bxh7+ Kxh7 23. Qf4 Bxc5 24. R7b3 Kg8 25. h4 Bd6 26. Qg4 Qe8 27.
Kf1 Rb8 28. Qf3 Rxb3 29. Qxb3 Qc8 30. Qf3 Qa6+ 31. Kg1 Qxa2 0-1

[Event "26.Schlosspark-Open"]
[Site "Wiesbaden-Biebrich"]
[Date "2014.08.30"]
[Round "4.40"]
[White "Rosenberger, Frank"]
[Black "Schimmele, Alexander"]
[Result "1/2-1/2"]
[WhiteElo "2098"]
[BlackElo "1829"]
[PlyCount "42"]
[EventDate "2014.??.??"]
[WhiteTeam "SK 1980 Gernsheim"]
[BlackTeam "SC Neckarsulm e.V."]

1. e4 d6 2. d4 Nf6 3. Nc3 g6 4. f3 Bg7 5. Be3 c6 6. Qd2 O-O 7. Bh6 Nbd7 8. h4
Nh5 9. Bxg7 Kxg7 10. Nge2 e5 11. g4 Nhf6 12. h5 Rh8 13. O-O-O h6 14. hxg6 fxg6
15. Bg2 Qe7 16. Ng3 Nb6 17. dxe5 dxe5 18. Qd6 Kf7 19. b3 Qxd6 20. Rxd6 Be6 21.
Nd1 Ke7 1/2-1/2

[Event "26.Schlosspark-Open"]
[Site "Wiesbaden-Biebrich"]
[Date "2014.08.30"]
[Round "4.41"]
[White "Kalepky, Helmut"]
[Black "Klebs, Sebastian"]
[Result "1/2-1/2"]
[WhiteElo "2084"]
[BlackElo "1849"]
[PlyCount "90"]
[EventDate "2014.??.??"]
[WhiteTeam "Sfr.Heidesheim"]
[BlackTeam "Karlsruher SF 1853"]

1. d4 d5 2. c4 c6 3. Nf3 e6 4. Qc2 Nf6 5. Bg5 Nbd7 6. e3 Bb4+ 7. Nbd2 Qa5 8.
Bxf6 Nxf6 9. Bd3 O-O 10. O-O Bxd2 11. Nxd2 Qd8 12. Nf3 h6 13. Ne5 Nd7 14. f4 f5
15. Nxd7 Bxd7 16. c5 b6 17. Rfc1 b5 18. Qd2 a6 19. h3 Qh4 20. Kh2 g5 21. g3 Qh5
22. Be2 Qg6 23. Rg1 Kh8 24. Rg2 Rg8 25. Kg1 Qf6 26. Kf2 Rg7 27. Rh1 Rag8 28.
Bf3 Bc8 29. h4 g4 30. Be2 h5 31. Qa5 Qd8 32. b4 Qxa5 33. bxa5 Ra7 34. Rb1 Bd7
35. Ke1 Rga8 36. Kd2 Kg7 37. Kc3 Kf6 38. Bd1 Ke7 39. Rgb2 Kd8 40. Ra1 Kc7 41.
Rb3 Kd8 42. Be2 Kc7 43. a4 Kd8 44. Kb4 Kc7 45. axb5 axb5 1/2-1/2

[Event "26.Schlosspark-Open"]
[Site "Wiesbaden-Biebrich"]
[Date "2014.08.30"]
[Round "4.42"]
[White "Mönch, Dietmar"]
[Black "Villani, Cristian"]
[Result "1-0"]
[WhiteElo "1818"]
[BlackElo "2032"]
[PlyCount "92"]
[EventDate "2014.??.??"]
[WhiteTeam "vereinlos"]
[BlackTeam "SK Durlach"]

1. d4 Nf6 2. Nf3 b6 3. c4 e6 4. g3 Bb4+ 5. Bd2 Be7 6. Nc3 Bb7 7. Bg2 O-O 8. O-O
d6 9. Qc2 c5 10. d5 exd5 11. Nxd5 Nxd5 12. cxd5 Nd7 13. e4 Bf6 14. Bc3 b5 15.
Rfe1 b4 16. Bxf6 Qxf6 17. Rad1 Rfe8 18. Nh4 Nb6 19. f4 c4 20. Nf5 Rac8 21. Re3
Rc5 22. Qe2 Bc8 23. Nd4 Bb7 24. e5 dxe5 25. fxe5 Qg6 26. e6 f5 27. d6 Bxg2 28.
Qxg2 Rd5 29. d7 Rb8 30. Qe2 Nxd7 31. exd7 Rxd7 32. Qxc4+ Qf7 33. Qxf7+ Kxf7 34.
Red3 Rbd8 35. R3d2 Rd5 36. Nf3 Ke6 37. Rxd5 Rxd5 38. Rxd5 Kxd5 39. Kf2 Kc4 40.
Ke3 a5 41. b3+ Kc3 42. Nd2 Kb2 43. Nc4+ Kxa2 44. Nxa5 Kb2 45. h4 Kc3 46. h5 g6
1-0

[Event "26.Schlosspark-Open"]
[Site "Wiesbaden-Biebrich"]
[Date "2014.08.30"]
[Round "4.43"]
[White "Junker, Christian"]
[Black "Karsay, Pascal"]
[Result "1/2-1/2"]
[WhiteElo "2061"]
[BlackElo "1766"]
[PlyCount "74"]
[EventDate "2014.??.??"]
[WhiteTeam "SV 1926 Neu-Isenburg"]
[BlackTeam "Vorw.Orient Mainz"]

1. Nf3 Nf6 2. d3 d5 3. g3 g6 4. Bg2 Bg7 5. O-O O-O 6. Nbd2 c5 7. e4 Nc6 8. a4
e5 9. exd5 Nxd5 10. c3 h6 11. Nc4 Nb6 12. Na3 Bf5 13. Ne1 c4 14. g4 Bxd3 15.
Nxd3 Qxd3 16. Nb5 Rad8 17. Qe1 a6 18. Nc7 Qd7 19. a5 Nxa5 20. Rxa5 Qxc7 21. Be3
Nd7 22. Ra4 Nb8 23. Qe2 b5 24. Ra2 f5 25. gxf5 gxf5 26. f4 e4 27. Qf2 Rf6 28.
Bh3 Rd3 29. Kh1 Qd7 30. Qe2 Qc8 31. Rg1 Kh7 32. Qg2 Qd7 33. Bd4 Rxd4 34. cxd4
Qf7 35. Raa1 Nd7 36. Qf2 Qd5 37. Qg3 Qf7 1/2-1/2

[Event "26.Schlosspark-Open"]
[Site "Wiesbaden-Biebrich"]
[Date "2014.08.30"]
[Round "4.44"]
[White "Brechlin, Olaf"]
[Black "Binfet, Daniel"]
[Result "1-0"]
[WhiteElo "2036"]
[BlackElo "1817"]
[PlyCount "89"]
[EventDate "2014.??.??"]
[WhiteTeam "FVS ASP Hoyerswerda"]
[BlackTeam "TuS Makkabi Wiesbaden"]

1. Nc3 d5 2. e4 dxe4 3. Nxe4 e5 4. Bc4 Nc6 5. Nf3 f6 6. O-O Bg4 7. c3 Qd7 8. h3
Bh5 9. d3 O-O-O 10. b4 Kb8 11. Ng3 Bg6 12. Ne1 Nge7 13. Be3 Nd5 14. Qb3 Nxe3
15. fxe3 Bd6 16. e4 h5 17. a4 Rdf8 18. a5 Bf7 19. b5 Bxc4 20. dxc4 Ne7 21. Nd3
c5 22. Rad1 h4 23. Nh1 Qe6 24. Nhf2 g6 25. Nb2 f5 26. Rfe1 f4 27. Rd3 Ng8 28.
Red1 Be7 29. Qc2 Nf6 30. Qe2 Nh5 31. Ng4 f3 32. Rxf3 Rxf3 33. Qxf3 Rf8 34. Qd3
Rd8 35. Qf3 Nf4 36. Rxd8+ Bxd8 37. Nd3 Nxd3 38. Qxd3 Bxa5 39. Ne3 Bc7 40. Nd5
Bd8 41. Qe3 Be7 42. Qh6 a5 43. Qh8+ Qc8 44. Qxe5+ Ka7 45. Nxe7 1-0

[Event "26.Schlosspark-Open"]
[Site "Wiesbaden-Biebrich"]
[Date "2014.08.30"]
[Round "4.45"]
[White "Arns, Alexander"]
[Black "Marten, Gero"]
[Result "1/2-1/2"]
[WhiteElo "1725"]
[BlackElo "2032"]
[PlyCount "26"]
[EventDate "2014.??.??"]
[WhiteTeam "SF HN-Biberach 1978 e.V."]
[BlackTeam "SG Turm Idstein"]

1. c4 c5 2. g3 Nc6 3. Bg2 g6 4. Nc3 Bg7 5. Rb1 e5 6. e4 Nge7 7. Nge2 O-O 8. O-O
d6 9. d3 a6 10. a3 Rb8 11. b4 cxb4 12. axb4 b5 13. cxb5 axb5 1/2-1/2

[Event "26.Schlosspark-Open"]
[Site "Wiesbaden-Biebrich"]
[Date "2014.08.30"]
[Round "4.46"]
[White "Skarke, Harald"]
[Black "Sefeloge, Michael"]
[Result "1-0"]
[WhiteElo "2025"]
[BlackElo "1818"]
[PlyCount "89"]
[EventDate "2014.??.??"]
[WhiteTeam "SF Neuberg"]
[BlackTeam "SV Turm Lahnstein"]

1. e4 c5 2. d4 cxd4 3. c3 dxc3 4. Nxc3 d6 5. Bc4 e6 6. Nf3 Nc6 7. O-O Nf6 8.
Qe2 a6 9. Rd1 Qc7 10. Bf4 Be7 11. Rac1 Nd7 12. Bb3 Qb8 13. Bg5 O-O 14. Bxe7
Nxe7 15. Qd2 Nc5 16. Bc2 d5 17. exd5 exd5 18. Nxd5 Nxd5 19. Qxd5 b6 20. b4 Bb7
21. Bxh7+ Kxh7 22. Qh5+ Kg8 23. bxc5 Bxf3 24. Qxf3 bxc5 25. Rxc5 Qb2 26. a3
Rab8 27. Rc3 Rfe8 28. h3 Re2 29. Rc7 Rf8 30. g3 Qe5 31. Rc4 Qe6 32. Rh4 Re1+
33. Rxe1 Qxe1+ 34. Kg2 Re8 35. Qf5 f6 36. Qh7+ Kf7 37. Rg4 Rg8 38. Qd3 Qe6 39.
Qg6+ Kf8 40. Rd4 Qc6+ 41. Kh2 Qc7 42. Qd3 Qb6 43. Qc4 Ke7 44. Re4+ Kd7 45. Qf7+
1-0

[Event "26.Schlosspark-Open"]
[Site "Wiesbaden-Biebrich"]
[Date "2014.08.30"]
[Round "4.47"]
[White "Zerhusen, Martin"]
[Black "Bietz, Fabian"]
[Result "0-1"]
[WhiteElo "1786"]
[BlackElo "2024"]
[PlyCount "48"]
[EventDate "2014.??.??"]
[WhiteTeam "SV Oberursel"]
[BlackTeam "SJ Herborn 1998"]

1. d4 Nf6 2. c4 e5 3. dxe5 Ng4 4. Nf3 Bc5 5. e3 Nc6 6. a3 a5 7. Nc3 Ngxe5 8.
Be2 O-O 9. O-O Nxf3+ 10. Bxf3 Ne5 11. Be2 Qh4 12. b3 Ra6 13. Qd5 Rh6 14. h3 d6
15. Qe4 Qd8 16. Nd5 c6 17. Nf4 Qg5 18. g4 f5 19. Qg2 fxg4 20. hxg4 Bxg4 21. f3
Qxf4 22. fxg4 Bxe3+ 23. Bxe3 Qxe3+ 24. Rf2 Rh3 0-1

[Event "26.Schlosspark-Open"]
[Site "Wiesbaden-Biebrich"]
[Date "2014.08.30"]
[Round "4.48"]
[White "Kuhn, Gerhard"]
[Black "Jordake, Michael"]
[Result "1-0"]
[WhiteElo "2023"]
[BlackElo "1802"]
[PlyCount "97"]
[EventDate "2014.??.??"]
[WhiteTeam "SK Marburg 1931/72"]
[BlackTeam "SC Bergen-Enkheim 1922"]

1. e4 e5 2. Nf3 Nc6 3. Nc3 Nf6 4. d4 exd4 5. Nd5 Be7 6. Nxd4 Nxd4 7. Qxd4 Nxd5
8. exd5 O-O 9. Be2 d6 10. O-O Bf5 11. c3 Re8 12. Bb5 Bf6 13. Qf4 Bd7 14. Bd3
Re5 15. c4 b5 16. cxb5 Rxd5 17. Be4 Be5 18. Qf3 Bxh2+ 19. Kxh2 Qh4+ 20. Kg1 Rh5
21. Qxh5 Qxh5 22. Bxa8 Bxb5 23. Re1 Kf8 24. Be3 Bd7 25. Rac1 Qa5 26. a3 h6 27.
Re2 Be6 28. Rec2 c5 29. Rd2 Qb6 30. Rxd6 Qxb2 31. Rd3 c4 32. Rdc3 a5 33. Bf3 g5
34. Bc5+ Kg8 35. Bd4 g4 36. Bd1 Qd2 37. Be3 Qd6 38. Bxh6 f5 39. Be2 Kh7 40. Bg5
Kg6 41. Bh4 Kh5 42. g3 a4 43. Bxc4 Bxc4 44. Rxc4 Qxa3 45. Bf6 Qd6 46. Rc6 Qd7
47. Be5 a3 48. Bf4 Qxc6 49. Rxc6 1-0

[Event "26.Schlosspark-Open"]
[Site "Wiesbaden-Biebrich"]
[Date "2014.08.30"]
[Round "4.49"]
[White "Kolker, Vladislav"]
[Black "Brandl, Lea Maria"]
[Result "1-0"]
[WhiteElo "2021"]
[BlackElo "1781"]
[PlyCount "79"]
[EventDate "2014.??.??"]
[WhiteTeam "SC Bad Nauheim"]
[BlackTeam "TSV Schott Mainz"]

1. e4 c5 2. Nf3 d6 3. d4 cxd4 4. Nxd4 Nf6 5. Nc3 a6 6. h3 e6 7. g4 Be7 8. g5
Nfd7 9. h4 b5 10. Be3 Bb7 11. Bg2 Nb6 12. b3 N8d7 13. a3 Qc7 14. Qd2 Rc8 15.
Nde2 Qc6 16. f4 a5 17. Ra2 a4 18. O-O O-O 19. Nd1 axb3 20. cxb3 Nc5 21. Nd4 Qd7
22. Qa5 Qd8 23. Nf2 Ra8 24. Qc3 Qd7 25. Rd1 Rfc8 26. Qb2 Qe8 27. f5 e5 28. Ne2
f6 29. Ng3 Qf7 30. Ng4 Kh8 31. Bf3 d5 32. g6 hxg6 33. fxg6 Qe6 34. Qe2 dxe4 35.
Bg2 Bd6 36. Nxf6 Qxf6 37. Qh5+ Kg8 38. Rf2 Qxf2+ 39. Bxf2 Rd8 40. Nf5 1-0

[Event "26.Schlosspark-Open"]
[Site "Wiesbaden-Biebrich"]
[Date "2014.08.30"]
[Round "4.50"]
[White "Muuss, Klaus"]
[Black "Marzec, Witold"]
[Result "1-0"]
[WhiteElo "2012"]
[BlackElo "1800"]
[PlyCount "63"]
[EventDate "2014.??.??"]
[WhiteTeam "VSF Flintbek"]
[BlackTeam "vereinslos"]

1. e4 c5 2. Nf3 d6 3. d4 cxd4 4. Nxd4 Nf6 5. Nc3 a6 6. Bg5 e5 7. Nf3 Be7 8. Qd2
Nbd7 9. Bd3 O-O 10. O-O b5 11. a3 Bb7 12. Nh4 g6 13. Bh6 Re8 14. Nf5 Nc5 15.
Nxe7+ Qxe7 16. Bg5 Qe6 17. Rae1 Nh5 18. Be2 Ng7 19. Bf3 f6 20. Be3 Red8 21. Rd1
Ne8 22. Bxc5 dxc5 23. Qxd8 Rxd8 24. Rxd8 Kf7 25. Rfd1 Bc6 26. h3 b4 27. axb4
cxb4 28. Nd5 a5 29. Bg4 f5 30. exf5 gxf5 31. Bh5+ Kg7 32. Bxe8 1-0